|
|
|
|
| LEADER |
01567nam a2200325 u 4500 |
| 001 |
10117658 |
| 003 |
upatras |
| 005 |
20210117205553.0 |
| 008 |
150928s2010 us eng |
| 020 |
|
|
|a 9781589016293
|
| 040 |
|
|
|a GR-PaULI
|c GR-PaULI
|
| 041 |
0 |
|
|a eng
|
| 082 |
1 |
4 |
|a 401.41
|2 22
|
| 245 |
1 |
0 |
|a Telling stories
|b language, narrative, and social life
|c ; Deborah Schiffin
|c ; Anna de Fina
|c ; and Anastasia Nylund editors
|
| 260 |
|
|
|a Washinghton, DC
|b Georgetown University press
|c c2010
|
| 300 |
|
|
|a vi, 219 p.
|c 23 cm.
|
| 490 |
0 |
|
|a Georgetown University round table on languages linguistics series
|
| 650 |
|
4 |
|a Ανάλυση λόγου, Αφηγηματικού
|x Συνέδρια
|9 146308
|
| 650 |
|
4 |
|a Αφήγηση (Ρητορική)
|x Συνέδρια
|9 146309
|
| 650 |
|
4 |
|a Κοινωνιογλωσσολογία
|x Συνέδρια
|9 44799
|
| 650 |
|
4 |
|a Ψυχογλωσσολογία
|x Συνέδρια
|9 44755
|
| 700 |
1 |
|
|a Schiffrin, Deborah
|4 edt
|9 51445
|
| 700 |
1 |
|
|a De Fina, Anna
|4 edt
|9 59723
|
| 700 |
1 |
|
|a Nylund, Anastasia
|4 edt
|9 146310
|
| 760 |
0 |
|
|a Georgetown University round table on languages and linguistics series
|
| 852 |
|
|
|a GR-PaULI
|b ΠΑΤΡΑ
|b ΦΙΛΟΛΟΓΙΑ
|k ΔΑΝΕΙΖ-6
|h 401.41 TEL
|m 12664
|p 025000196521
|t 1
|
| 942 |
|
|
|2 ddc
|
| 952 |
|
|
|0 0
|1 0
|2 ddc
|4 0
|6 401_410000000000000_TEL
|7 0
|9 184363
|a LISP
|b LISP
|c BSC
|d 2016-04-24
|i 12664
|l 0
|o 401.41 TEL
|p 025000196521
|r 2016-04-24 00:00:00
|t 1
|w 2016-04-24
|y BK15
|x Μεταφορά Τμήματος Φιλολογίας
|
| 998 |
|
|
|c ΑΝΔΡΙΚΟΠΟΥΛΟΥ
|d 2015-09
|
| 999 |
|
|
|c 113651
|d 113651
|